Baby Names: U.K. (2007) Quiz Stats

 Plays Quiz Updated Dec 7, 2018

Support Sporcle.
Go Orange.
Score 0/20 Timer 05:00
6 Plays Today
% Correct
James
63%
William
56.3%
Emily
50.9%
Jack
48.2%
Harry
47%
Thomas
43.7%
Daniel
36.7%
Olivia
29.6%
Sophie
29%
Jessica
28.9%
% Correct
Joshua
26.4%
Oliver
23.7%
Chloe
22.4%
Charlie
21.7%
Lily
20.7%
Grace
20.4%
Ella
15.4%
Ruby
13.4%
Amelia
12.7%
Alfie
12%

You're not logged in!

Compare scores with friends on all Sporcle quizzes.
OR
Log In

From the Vault

From the 1920s

by moogles

Larry King's suspenders is not a correct answer.
Remove Ads.
Support Sporcle.
Get the best of Sporcle when you Go Orange. This ad-free experience offers more features, more stats, and more fun while also helping to support Sporcle. Thank you for becoming a member.

Show Comments

Extras

Top Quizzes Today


Score Distribution

Your Account Isn't Verified!

In order to create a playlist on Sporcle, you need to verify the email address you used during registration. Go to your Sporcle Settings to finish the process.

Report this User

Report this user for behavior that violates our Community Guidelines.

Details: